Sandwich flavours - Statistics

General Stats
  • This quiz has been taken 5 times
  • The average score is 11 of 15
Answer Stats
Hint Answer % Correct
better than chicken beef
100%
iconic trio BLT
100%
mouldy milk cheese
100%
oink ham
100%
strawb jam
100%
iconic duo pbandj
100%
fish tuna
100%
thanksgiving turkey
100%
bacaw chicken
67%
chicken poo eggmayo
67%
iconic duo 2 ham and cheese
67%
bad butter margarine
33%
sticky marmite
33%
shake it up butter
0%
unlimited calories uranium
0%
No matching quizzes found
Score Distribution
Percent of People with Each Score
Percentile by Number Answered
Your Score History
You have not taken this quiz